00226nam a2200097Ia 4500008004100000100001900041245002300060260002100083942000700104999001700111190216s9999||||xx |||||||||||||| ||und|| aWilliam J Long 0aEnglish Literature bLyall Book Depot cBK c11950d11950